| 000 | 01213cab a22002175a 4500 | ||
|---|---|---|---|
| 001 | L146440 | ||
| 008 | 090121e20090116xxko f 000 0 eng d | ||
| 035 | _a(Sirsi) u146440 | ||
| 041 | 0 | _aeng | |
| 100 | 1 | _aWilloughby, Michael | |
| 245 | 0 | 0 |
_aFrom nuclear to zero carbon _bit's a green year ahead |
| 260 | _c2009 | ||
| 490 | 0 |
_aBuilding _v274 (8562) 16 January 2009, 50-51 (2) |
|
| 520 | _aPresents the key events relating to sustainability for the year 2009. They are: the publication of the government consultation on the definition of zero carbon; the launch of an energy saving consultation; the launch of the Energy Performance of Buildings Directive II; nuclear power stations; the development of the 2010 parts F and L of the Building Regulations; the first budgetary report on meeting the Climate Change Act greenhouse gas emission targets; the enforcement of Energy Performance Certificates and Display Energy Certificates. | ||
| 590 | _aKA | ||
| 650 | 2 | 4 | _aCOMMERCIAL ENERGY PERFORMANCE CERTIFICATES |
| 651 | 4 |
_aUnited Kingdom _y |
|
| 690 | _aENVIRONMENTAL AND LAND CONSULTANCY-ENERGY-ENERGY USE-ENERGY EFFICIENCY | ||
| 690 | _aENVIRONMENTAL AND LAND CONSULTANCY-SUSTAINABILITY | ||
| 942 | _n0 | ||
| 999 |
_c81153 _d81153 |
||